Tak o co jde? : jak číst svůj život /
Návod pro šťastný život podle renomovaného psychiatra.
Uloženo v:
| Hlavní autor: | |
|---|---|
| Další autoři: | |
| Médium: | E-kniha |
| Jazyk: | Czech |
| Vydáno: |
V Praze :
Mladá fronta,
2023
|
| Vydání: | 1. vydání |
| Témata: | |
| Tagy: |
Žádné tagy |
| LEADER | 03074cam a2200721 i 4500 | ||
|---|---|---|---|
| 001 | 312169 | ||
| 003 | CZ PrSKC | ||
| 005 | 20260601215718.0 | ||
| 007 | ta | ||
| 008 | 231102s2023 xr e 000 0acze d | ||
| 015 | |a cnb003564428 | ||
| 020 | |a 9788020462398 |q (vázáno) | ||
| 035 | |a (OCoLC)1420606798 | ||
| 040 | |a KLG001 |b cze |d BOA001 |e rda | ||
| 043 | |a e-xr--- | ||
| 045 | |a x-y- | ||
| 072 | 7 | |a 159.9 |x Psychologie |2 Konspekt | |
| 072 | 7 | |a 929 |x Biografie |2 Konspekt | |
| 080 | |a 616.89-051 |2 MRF | ||
| 080 | |a 17.02 |2 MRF | ||
| 080 | |a 159.95 |2 MRF | ||
| 080 | |a 159.923 |2 MRF | ||
| 080 | |a 316.472.4 |2 MRF | ||
| 080 | |a 005.931 |2 MRF | ||
| 080 | |a 159.955 |2 MRF | ||
| 080 | |a 005.59 |2 MRF | ||
| 080 | |a 929 |2 MRF | ||
| 080 | |a (437.3) |2 MRF | ||
| 080 | |a (047.53) |2 MRF | ||
| 100 | 1 | |a Höschl, Cyril, |d 1949-2025 |7 jn20000401149 |4 aut | |
| 245 | 1 | 0 | |a Tak o co jde? : |b jak číst svůj život / |c Cyril Höschl, Ivan Hamšík |
| 250 | |a 1. vydání | ||
| 264 | 1 | |a V Praze : |b Mladá fronta, |c 2023 | |
| 300 | |a 225 stran ; |c 21 cm | ||
| 336 | |a text |b txt |2 rdacontent | ||
| 337 | |a bez média |b n |2 rdamedia | ||
| 338 | |a svazek |b nc |2 rdacarrier | ||
| 520 | 2 | |a Návod pro šťastný život podle renomovaného psychiatra. |b Proč máme tak často pocit, že se život nevyvíjí podle našich představ? Jakou výbavu si neseme v genech a co máme zcela ve svých rukou? Cestou od narození až po spokojené stáří vás provede lékařská legenda, popularizátor vědy a uznávaný psychiatr Cyril Höschl. Nakladatelská anotace. Kráceno. | |
| 600 | 1 | 7 | |a Höschl, Cyril, |d 1949-2025 |7 jn20000401149 |2 czenas |
| 648 | 7 | |a 20.-21. století |7 ch462155 |2 czenas | |
| 650 | 0 | 7 | |a psychiatři |7 ph124779 |z Česko |y 20.-21. století |2 czenas |
| 650 | 0 | 7 | |a životní harmonie |7 ph138147 |2 czenas |
| 650 | 0 | 7 | |a lidské chování |7 ph117221 |2 czenas |
| 650 | 0 | 7 | |a psychologie osobnosti |7 ph115951 |2 czenas |
| 650 | 0 | 7 | |a interpersonální vztahy |7 ph114786 |2 czenas |
| 650 | 0 | 7 | |a krizové situace |7 ph121963 |2 czenas |
| 650 | 0 | 7 | |a řešení problémů |7 ph137287 |2 czenas |
| 650 | 0 | 9 | |a psychiatrists |z Czechia |y 20th-21st centuries |2 eczenas |
| 650 | 0 | 9 | |a harmony of life |2 eczenas |
| 650 | 0 | 9 | |a human behavior |2 eczenas |
| 650 | 0 | 9 | |a psychology of personality |2 eczenas |
| 650 | 0 | 9 | |a interpersonal relations |2 eczenas |
| 650 | 0 | 9 | |a crisis situations |2 eczenas |
| 650 | 0 | 9 | |a problem solving |2 eczenas |
| 655 | 7 | |a rozhovory |7 fd133303 |2 czenas | |
| 655 | 9 | |a interviews |2 eczenas | |
| 700 | 1 | |a Hamšík, Ivan, |d 1967- |7 jn19990209210 |4 aut | |
| 900 | |a ABA001 |b 21 | ||
| 928 | 9 | |a Albatros Media - Mladá fronta | |
| 044 | |a xr | ||
| 910 | |a RBIT002 | ||
| 998 | |d 390686 |a https://core.palmknihy.cz/api/books/390686/cover?siaqv4 |b https://core.palmknihy.cz/api/books/390686/cover/400?siaqv4 |c https://core.palmknihy.cz/api/books/390686/cover/50?siaqv4 |e 2033-12-31 |g 232 |i 9788020462398 |j https://core.palmknihy.cz/api/books/390686/preview.epub |k https://core.palmknihy.cz/api/books/390686/preview.pdf |l |q 49 |r 1 |s https://www.palmknihy.cz/kniha/390686 |t ebook |y 2023 |z 0 | ||
| 999 | |d 312167 | ||